00517 2200157 4500245004300000250001100043100002100054650005400075005001900129260005100148041001400199084000800213500009100221490003800312336000900350 aFisika - KimiacAnastasia YuwonohText aCet. 1 aAnastasia Yuwono aPustaka Pengetahuan dan Teknologi, Fisika - Kimia a20231116090341 aJakartabEnsiklopedia Nasional Indonesiac2012 aIndonesia a503 aDaftar Isi : 1.Zat dan Bahan : Atom,Struktur Atom. 2.Energi : Energi,Perubahan Energi aPustaka Pengetahuan dan Teknologi atext